Catálogo
 En Linea

Los orígenes del hambre en la República Dominicana / (Registro nro. 40617)

Detalles MARC
000 -CABECERA
campo de control de longitud fija 00913nam a2200253 a 4500
001 - NÚMERO DE CONTROL
campo de control 000041127
003 - IDENTIFICADOR DEL NÚMERO DE CONTROL
campo de control DO-SdBNP
005 - FECHA Y HORA DE LA ÚLTIMA TRANSACCIÓN
campo de control 20250708094638.0
008 - DATOS DE LONGITUD FIJA--INFORMACIÓN GENERAL
campo de control de longitud fija 090826s1987 dr r 000 e spa d
040 ## - FUENTE DE LA CATALOGACIÓN
Centro catalogador/agencia de origen DO-SdBNP
Lengua de catalogación spa
Centro/agencia transcriptor BNPHU
082 ## - NÚMERO DE LA CLASIFICACIÓN DECIMAL DEWEY
Número de clasificación 363.8097293
Número de documento/Ítem M671b
100 1# - ENTRADA PRINCIPAL--NOMBRE DE PERSONA
Nombre de persona Mir, Pedro,
Fechas asociadas al nombre 1913-2000
9 (RLIN) 7245
245 13 - MENCIÓN DE TÍTULO
Título Los orígenes del hambre en la República Dominicana /
Mención de responsabilidad, etc. Pedro Mir.
246 14 - FORMA VARIANTE DE TÍTULO
Título propio/Titulo breve Historia del hambre : sus orígenes en la historia dominicana
260 ## - PUBLICACIÓN, DISTRIBUCIÓN, ETC.
Lugar de publicación, distribución, etc. Santo Domingo :
Nombre del editor, distribuidor, etc. Corripio,
Fecha de publicación, distribución, etc. 1987.
300 ## - DESCRIPCIÓN FÍSICA
Extensión 255 p. ;
Dimensiones 24 cm.
504 ## - NOTA DE BIBLIOGRAFÍA, ETC.
Nota de bibliografía, etc. Bibliografía : p. 253-255
590 ## - NOTA LOCAL (RLIN)
Nota local Inventariado, 2019/BT
650 #4 - PUNTO DE ACCESO ADICIONAL DE MATERIA--TÉRMINO DE MATERIA
Término de materia o nombre geográfico como elemento de entrada Hambre
Subdivisión geográfica República Dominicana
Subdivisión general Historia
9 (RLIN) 67671
650 #0 - PUNTO DE ACCESO ADICIONAL DE MATERIA--TÉRMINO DE MATERIA
Término de materia o nombre geográfico como elemento de entrada Abastecimiento de alimentos
Subdivisión geográfica República Dominicana
Subdivisión general Historia
9 (RLIN) 5254
651 #4 - PUNTO DE ACCESO ADICIONAL DE MATERIA--NOMBRE GEOGRÁFICO
Nombre geográfico República Dominicana
Subdivisión general Condiciones Económicas
9 (RLIN) 281
910 ## - DATOS DE OPCIÓN DEL USUARIO (OCLC)
Datos de opción del usuario Validado. Control de calidad MFF
942 ## - ELEMENTOS DE PUNTO DE ACCESO ADICIONAL (KOHA)
Fuente del sistema de clasificación o colocación Dewey Decimal Classification
Tipo de ítem Koha Libro
Existencias
Estado de retiro Estado de pérdida No para préstamo Código de colección Localización permanente Ubicación/localización actual Ubicación en estantería Fecha de adquisición Número de inventario Total de préstamos Signatura topográfica completa Código de barras Fecha visto por última vez Precio válido a partir de Tipo de ítem Koha Número de copia Nota pública
    Excluido de préstamo Patrimonio Dominicano Patrimonio Dominicano Patrimonio Dominicano Depósito 18.09.2013 LF1   363.8097293 M671b 41127-10 25.06.2020 25.06.2020 Libro y Folleto Colección Patrimonio Dominicano    
    Excluido de préstamo Patrimonio Dominicano Patrimonio Dominicano Patrimonio Dominicano Depósito 26.06.2019 LF1   363.8097293 M671b 41127-20 25.06.2020 25.06.2020 Libro y Folleto Colección Patrimonio Dominicano e.2 Perteneció a la biblioteca personal de la familia Reyes Duluc.

Con tecnología Koha